[Event "Graz op"]
[Site "Graz"]
[Date "2006.09.21"]
[Round "6.11"]
[White "Sachsenhofer, Michael"]
[Black "Schuurman, Petra"]
[Result "0-1"]
[WhiteElo "2140"]
[BlackElo "2219"]
[PlyCount "82"]
[EventDate "2006.09.16"]

1. e4 c5 2. Nc3 Nc6 3. g3 g6 4. Bg2 Bg7 5. d3 d6 6. Nge2 e6 7. Be3 Nd4 8. O-O
Ne7 9. Qd2 O-O 10. Nd1 Nxe2+ 11. Qxe2 b6 12. e5 Rb8 13. exd6 Nf5 14. Re1 Nxe3
15. fxe3 Qxd6 16. e4 c4 17. dxc4 Ba6 18. c3 Qc5+ 19. Ne3 Bh6 20. b3 Rbd8 21.
Kf1 Bg7 22. Rac1 h5 23. Red1 Qg5 24. Rxd8 Rxd8 25. Kf2 Bxc3 26. Rd1 Bd4 27. Ke1
h4 28. Nc2 Be5 29. Rxd8+ Qxd8 30. Qe3 hxg3 31. hxg3 Qd6 32. Kf2 Qd1 33. Qe2
Bxg3+ 34. Kf3 Qd6 35. Qe3 Bb7 36. Nd4 Be5 37. Nb5 Qd1+ 38. Kf2 Qc2+ 39. Qe2
Bg3+ 40. Kf3 Bxe4+ 41. Qxe4 Qf2+ 0-1

[Event "Graz op"]
[Site "Graz"]
[Date "2006.09.21"]
[Round "6.13"]
[White "Kokol, Peter"]
[Black "Wallner, Dieter"]
[Result "1-0"]
[WhiteElo "2165"]
[BlackElo "2151"]
[PlyCount "71"]
[EventDate "2006.09.16"]

1. e4 e5 2. Nf3 Nc6 3. Bb5 a6 4. Ba4 Nf6 5. O-O Be7 6. Re1 b5 7. Bb3 d6 8. c3
O-O 9. d4 Bg4 10. d5 Na5 11. Bc2 c6 12. h3 Bc8 13. dxc6 Qc7 14. Nbd2 Qxc6 15.
Nf1 Bb7 16. Ng3 Rfe8 17. Qe2 h6 18. Nf5 Bf8 19. Nh2 Kh7 20. Ng4 Nxg4 21. Qxg4
Nc4 22. b3 Nb6 23. Re3 Re6 24. Rf3 Qe8 25. Ba3 Rg6 26. Qh5 Rg5 27. Qh4 Kg8 28.
Rg3 Rxg3 29. Qxg3 g6 30. Bxd6 Nd7 31. Rd1 Rd8 32. c4 bxc4 33. Bxf8 Qxf8 34. Nd6
cxb3 35. Bxb3 Nc5 36. Qxg6+ 1-0

[Event "Graz op"]
[Site "Graz"]
[Date "2006.09.21"]
[Round "6.14"]
[White "Papakonstantinou, Spyridon"]
[Black "Huber, Adolf"]
[Result "1/2-1/2"]
[WhiteElo "2147"]
[BlackElo "2058"]
[PlyCount "36"]
[EventDate "2006.09.16"]

1. d4 d5 2. c4 e6 3. g3 Nf6 4. Nf3 Nbd7 5. Bg2 Be7 6. O-O O-O 7. Qc2 c5 8. Nbd2
cxd4 9. Nxd4 dxc4 10. Nxc4 a6 11. Rd1 Nd5 12. a3 Qe8 13. e4 N5b6 14. Nxb6 Nxb6
15. Be3 Nd7 16. b4 Ne5 17. h3 b5 18. Nb3 Nc4 1/2-1/2

[Event "Graz op"]
[Site "Graz"]
[Date "2006.09.21"]
[Round "6.16"]
[White "Neuberger, Marco"]
[Black "Kainrath, Florian"]
[Result "1-0"]
[WhiteElo "1958"]
[BlackElo "2080"]
[PlyCount "79"]
[EventDate "2006.09.16"]

1. e4 c5 2. Nf3 Nc6 3. Bb5 g6 4. O-O Bg7 5. c3 Nf6 6. Re1 O-O 7. e5 Nd5 8. d4
cxd4 9. cxd4 d6 10. Nc3 dxe5 11. Bxc6 bxc6 12. Nxe5 Bb7 13. Ne4 f6 14. Nf3 Bc8
15. h3 Rb8 16. Nc5 Qd6 17. Qc2 e5 18. dxe5 fxe5 19. Ng5 Nb4 20. Qb3+ Qd5 21.
Re2 Na6 22. Qxd5+ cxd5 23. Nce6 h6 24. Nxf8 Kxf8 25. Nf3 e4 26. Ne1 Nc5 27. Bf4
Rb6 28. Rc1 Ba6 29. Rec2 Ne6 30. Bd2 Nd4 31. Be3 Nxc2 32. Bxb6 axb6 33. Nxc2 d4
34. Rd1 d3 35. Ne3 Bxb2 36. f3 exf3 37. gxf3 Kf7 38. Kf2 Kf6 39. Rd2 Bc3 40.
Nd5+ 1-0

[Event "Graz op"]
[Site "Graz"]
[Date "2006.09.21"]
[Round "6.17"]
[White "Dobay, Klaus"]
[Black "Cojhter, Karel"]
[Result "0-1"]
[WhiteElo "2004"]
[BlackElo "2089"]
[PlyCount "62"]
[EventDate "2006.09.16"]

1. f4 Nf6 2. Nf3 g6 3. g3 Bg7 4. Bg2 O-O 5. d3 d5 6. O-O c6 7. c3 Nbd7 8. Qe1
Qc7 9. e4 dxe4 10. dxe4 Nc5 11. Ne5 Ng4 12. Nxg4 Bxg4 13. h3 Be6 14. Na3 Rad8
15. Be3 Qa5 16. Qc1 Nd3 17. Qc2 Nxb2 18. Qxb2 Bxc3 19. Qxb7 Bxa1 20. Rxa1 Qxa3
21. Re1 Rd3 22. Bf2 Rxg3 23. Bxg3 Qxg3 24. Rf1 Bxh3 25. Rf2 Bxg2 26. Rxg2 Qe1+
27. Kh2 Qxe4 28. Qxa7 Qxf4+ 29. Kg1 Rd8 30. Rf2 Qg3+ 31. Kf1 Rd1+ 0-1

[Event "Graz op"]
[Site "Graz"]
[Date "2006.09.21"]
[Round "6.18"]
[White "Spelec, Darko"]
[Black "Hatzl, Johannes"]
[Result "0-1"]
[WhiteElo "2063"]
[BlackElo "2113"]
[PlyCount "48"]
[EventDate "2006.09.16"]

1. e4 c6 2. d4 d5 3. f3 dxe4 4. Nc3 e5 5. d5 Nf6 6. Bg5 cxd5 7. Bxf6 gxf6 8.
Qxd5 Qb6 9. O-O-O Be6 10. Bb5+ Nc6 11. Qxe4 Bh6+ 12. Kb1 O-O 13. Bd3 f5 14. Qh4
Nb4 15. Nh3 Rac8 16. a3 Nxc2 17. Qxh6 Nxa3+ 18. Kc1 f6 19. Rd2 Qb3 20. Bc2 Rxc3
21. bxc3 Qxc3 22. Kd1 Bc4 23. Ke1 Nxc2+ 24. Kf2 f4 0-1

[Event "Graz op"]
[Site "Graz"]
[Date "2006.09.21"]
[Round "6.19"]
[White "Bergen, Klaus"]
[Black "Sarre, Sascha"]
[Result "1/2-1/2"]
[WhiteElo "1997"]
[BlackElo "2080"]
[PlyCount "20"]
[EventDate "2006.09.16"]

1. e4 c5 2. Nf3 d6 3. d4 cxd4 4. Nxd4 e5 5. Nb3 Nc6 6. Nc3 Nf6 7. Be2 Be7 8.
O-O h6 9. Be3 O-O 10. Kh1 Be6 1/2-1/2

[Event "Graz op"]
[Site "Graz"]
[Date "2006.09.21"]
[Round "6.20"]
[White "Zechner, Andrea"]
[Black "Westermayer, Johann"]
[Result "1-0"]
[WhiteElo "1884"]
[BlackElo "1865"]
[PlyCount "79"]
[EventDate "2006.09.16"]

1. d4 d5 2. c4 e6 3. Nf3 Nf6 4. Nc3 c5 5. e3 cxd4 6. exd4 Bb4 7. Qa4+ Nc6 8. a3
Bxc3+ 9. bxc3 Qa5 10. Qc2 Ne4 11. Bb2 Nf6 12. Bd3 O-O 13. O-O dxc4 14. Bxc4 Qh5
15. Rfe1 Qa5 16. Bd3 h6 17. c4 Bd7 18. Rad1 Rac8 19. Qe2 Qd8 20. Ne5 Nb8 21.
Bb1 Qb6 22. Qc2 Qa6 23. Qd3 b5 24. Nxd7 Nbxd7 25. cxb5 Qb7 26. Re3 Nb6 27. Rg3
Nbd5 28. Qd2 Kh8 29. a4 Rfd8 30. Qe1 a6 31. Bd3 axb5 32. Bxb5 Rc2 33. Ba3 Rcc8
34. Bc5 Ne7 35. Rb1 Nf5 36. Rd3 Nh4 37. f3 Ng6 38. Rdb3 Qd5 39. Ba6 Ra8 40. Bb7
1-0

[Event "Graz op"]
[Site "Graz"]
[Date "2006.09.22"]
[Round "7.3"]
[White "Schachinger, Mario"]
[Black "Krumpacnik, Domen"]
[Result "0-1"]
[WhiteElo "2277"]
[BlackElo "2385"]
[PlyCount "80"]
[EventDate "2006.09.16"]

1. e4 c5 2. Nf3 g6 3. d4 cxd4 4. Nxd4 Bg7 5. c4 Nc6 6. Be3 Nf6 7. Nc3 Ng4 8.
Qxg4 Bxd4 9. Bxd4 Nxd4 10. O-O-O e5 11. Qg3 d6 12. f4 f6 13. Bd3 Be6 14. Kb1
Qc7 15. f5 Bf7 16. fxg6 hxg6 17. Rhf1 Qe7 18. h3 g5 19. Qf2 Rh6 20. Ne2 Nxe2
21. Bxe2 Bg6 22. Bd3 Kf7 23. Bc2 Rh4 24. Qd2 Rf4 25. Rfe1 Bh5 26. Rc1 Rh4 27.
Rh1 Bg6 28. Rcd1 Rd8 29. c5 d5 30. exd5 Qxc5 31. Bxg6+ Kxg6 32. Rhf1 Rd4 33.
Qe2 R8xd5 34. Rc1 Qb5 35. Qf2 Rf4 36. Qc2+ Qd3 37. Rxf4 gxf4 38. Qxd3+ Rxd3 39.
Rc7 Rg3 40. Rxb7 Rxg2 0-1

[Event "Graz op"]
[Site "Graz"]
[Date "2006.09.22"]
[Round "7.5"]
[White "Zakharchenko, Arnold"]
[Black "Schnider, Gert"]
[Result "1-0"]
[WhiteElo "2275"]
[BlackElo "2270"]
[PlyCount "91"]
[EventDate "2006.09.16"]

1. c4 e5 2. Nc3 Nf6 3. g3 Bb4 4. Bg2 Nc6 5. Nf3 O-O 6. O-O e4 7. Ng5 Bxc3 8.
bxc3 Re8 9. f3 e3 10. d3 d5 11. Qb3 Na5 12. Qa3 c6 13. cxd5 cxd5 14. f4 Bg4 15.
Nf3 Nc6 16. h3 Bxf3 17. Rxf3 d4 18. Bb2 dxc3 19. Qxc3 Rc8 20. Rff1 h5 21. Rac1
Qd6 22. Qc5 Qe6 23. Qg5 Kf8 24. Rc4 Ne7 25. Bxf6 Qxf6 26. Qxf6 gxf6 27. Bxb7
Rxc4 28. dxc4 Rb8 29. Rb1 Nc6 30. c5 Ke7 31. Kf1 Nd8 32. Be4 Rxb1+ 33. Bxb1 Ne6
34. c6 Kd6 35. Be4 Nd4 36. Bf3 Nxf3 37. exf3 Kxc6 38. Ke2 Kc5 39. h4 f5 40.
Kxe3 Kd5 41. Kd3 a6 42. a3 f6 43. Ke3 a5 44. Kd3 a4 45. Ke3 Kc4 46. g4 1-0

[Event "Graz op"]
[Site "Graz"]
[Date "2006.09.22"]
[Round "7.6"]
[White "Schuurman, Petra"]
[Black "Diermair, Andreas"]
[Result "1-0"]
[WhiteElo "2219"]
[BlackElo "2357"]
[PlyCount "125"]
[EventDate "2006.09.16"]

1. d4 d5 2. c4 c6 3. Nc3 Nf6 4. Nf3 dxc4 5. a4 Bf5 6. e3 e6 7. Bxc4 Bb4 8. O-O
O-O 9. Qe2 Nbd7 10. e4 Bg6 11. e5 Nd5 12. Ne4 c5 13. Bg5 Qc7 14. Rac1 h6 15.
Bd2 Bxd2 16. Nfxd2 b6 17. f4 Ne7 18. Nf3 Rfd8 19. Nd6 Nf5 20. Nxf5 Bxf5 21. d5
exd5 22. Bxd5 Nf8 23. Bxa8 Bd3 24. Qe3 Bxf1 25. Be4 Ba6 26. f5 Qe7 27. Re1 c4
28. Bc2 Rd5 29. e6 fxe6 30. fxe6 Bc8 31. Nd4 Kh8 32. Qe4 Rg5 33. Rf1 Ng6 34.
Rf7 Qe8 35. e7 Kg8 36. Qxg6 Rxg6 37. Bxg6 Bd7 38. Rf8+ Qxf8 39. exf8=Q+ Kxf8
40. Bc2 Ke7 41. Kf2 Kd6 42. Nf5+ Kc5 43. Nxg7 Kb4 44. Ke3 Bxa4 45. Kd2 Bd7 46.
Nh5 a5 47. Nf6 Be6 48. g4 a4 49. h4 Bf7 50. Ne4 a3 51. bxa3+ Kxa3 52. Nc3 Kb4
53. Ba4 Be6 54. g5 hxg5 55. hxg5 Bf7 56. Bc2 Kc5 57. g6 Be6 58. g7 b5 59. Ne4+
Kd4 60. Ng5 c3+ 61. Kc1 Bd5 62. Bg6 b4 63. Bf7 1-0

[Event "Graz op"]
[Site "Graz"]
[Date "2006.09.22"]
[Round "7.8"]
[White "Seuss, Oswald"]
[Black "Pilaj, Herwig"]
[Result "0-1"]
[WhiteElo "2154"]
[BlackElo "2380"]
[PlyCount "108"]
[EventDate "2006.09.16"]

1. e4 c5 2. Nf3 d6 3. d4 cxd4 4. Nxd4 Nf6 5. Nc3 Nc6 6. Be2 e6 7. O-O Be7 8.
Be3 O-O 9. Nb3 a6 10. a4 b6 11. f4 Qc7 12. Qd2 Rb8 13. Bf3 Re8 14. g4 Na5 15.
Nxa5 bxa5 16. g5 Nd7 17. Nd1 Bb7 18. Nf2 Rbc8 19. c3 Bf8 20. Rfd1 Nb6 21. Qe2
Rb8 22. Bc1 Bc6 23. Qc2 Qb7 24. b3 Nd7 25. Ba3 Qxb3 26. Qxb3 Rxb3 27. Bxd6 Rxc3
28. Be2 Nc5 29. e5 Re3 30. Kf1 Ne4 31. Rd4 Nxd6 32. exd6 Bd5 33. Ng4 Rc3 34. d7
Rd8 35. Ne5 f6 36. gxf6 gxf6 37. Ng4 Kf7 38. Bxa6 Rxd7 39. Rad1 Rdc7 40. R4d3
Rxd3 41. Rxd3 Bc4 42. Bxc4 Rxc4 43. Rd7+ Be7 44. Nh6+ Kf8 45. Kg2 Rxf4 46. Kg3
Rxa4 47. h4 f5 48. h5 Re4 49. Ra7 Kg7 50. Ng8 Kxg8 51. Rxe7 h6 52. Ra7 a4 53.
Kf3 Rh4 54. Ke3 e5 0-1

[Event "Graz op"]
[Site "Graz"]
[Date "2006.09.22"]
[Round "7.10"]
[White "Fauland, Peter"]
[Black "Kopinits, Anna-Christina"]
[Result "1-0"]
[WhiteElo "2216"]
[BlackElo "2096"]
[PlyCount "85"]
[EventDate "2006.09.16"]

1. d4 Nf6 2. Nf3 g6 3. g3 Bg7 4. Bg2 c5 5. d5 d6 6. O-O b5 7. a4 Qa5 8. Bd2 Qa6
9. Nh4 Nbd7 10. e4 O-O 11. f4 Nb6 12. Re1 Nc4 13. Na3 Nxd2 14. Qxd2 c4 15. Nxb5
Qb6+ 16. Qd4 Qxd4+ 17. Nxd4 Nxd5 18. Nc6 Nc7 19. Nxe7+ Kh8 20. e5 Rb8 21. exd6
Ne6 22. Rab1 Bd4+ 23. Kh1 Rxb2 24. Rxb2 Bxb2 25. Bd5 Bd7 26. Bxc4 Ba3 27. Rd1
Bc5 28. Bb5 Rd8 29. Nf3 f6 30. f5 Nf8 31. Rd5 Bb4 32. fxg6 hxg6 33. Bxd7 Rxd7
34. Nc8 Ne6 35. Nd4 Nd8 36. c4 Nb7 37. Nc6 a5 38. Nxb4 axb4 39. c5 Na5 40. Ne7
b3 41. Rd2 Nb7 42. c6 Rxd6 43. cxb7 1-0

[Event "Graz op"]
[Site "Graz"]
[Date "2006.09.22"]
[Round "7.11"]
[White "Brem, Stephan"]
[Black "Zoebisch, Herbert"]
[Result "1-0"]
[WhiteElo "2142"]
[BlackElo "2194"]
[PlyCount "109"]
[EventDate "2006.09.16"]

1. Nc3 d5 2. e4 d4 3. Nce2 e5 4. Ng3 Nf6 5. Bc4 Bd6 6. d3 c5 7. a4 O-O 8. Nf3
Nc6 9. Nh4 Bg4 10. f3 Be6 11. Nhf5 Ne7 12. Bg5 Nxf5 13. Nxf5 Bxc4 14. dxc4 Re8
15. Qd2 Bf8 16. g4 Re6 17. Ke2 Qe8 18. Bxf6 Rxf6 19. g5 Rxf5 20. exf5 e4 21.
Qf4 d3+ 22. Kf2 exf3 23. Rhe1 Qd8 24. cxd3 Bd6 25. Qe3 Bxh2 26. Kxf3 Qb8 27.
Kg2 Bf4 28. Qxc5 Bxg5 29. Re4 b6 30. Qc6 Qc8 31. Qd5 Qd8 32. Rae1 Kf8 33. Qxd8+
Rxd8 34. d4 Bf6 35. Rd1 g6 36. fxg6 hxg6 37. Kf3 Be7 38. b3 a5 39. Rh1 Bf6 40.
Ke3 Kg7 41. Rb1 Rh8 42. c5 bxc5 43. dxc5 Rh3+ 44. Ke2 Kf8 45. c6 Bd8 46. b4
axb4 47. Rbxb4 Ba5 48. Rb8+ Kg7 49. Ra8 Bb6 50. Rb4 Bc7 51. Ra7 Bd6 52. Rbb7
Rh2+ 53. Kd3 Rf2 54. c7 Bxc7 55. Rxc7 1-0

[Event "Graz op"]
[Site "Graz"]
[Date "2006.09.22"]
[Round "7.12"]
[White "Neuberger, Marco"]
[Black "Kokol, Peter"]
[Result "0-1"]
[WhiteElo "1958"]
[BlackElo "2165"]
[PlyCount "80"]
[EventDate "2006.09.16"]

1. e4 c5 2. Nf3 Nc6 3. Bb5 g6 4. O-O Bg7 5. c3 Nf6 6. Re1 O-O 7. e5 Nd5 8. d4
cxd4 9. cxd4 Nc7 10. Ba4 b5 11. Bb3 d6 12. h3 Bb7 13. Qe2 dxe5 14. dxe5 Nd4 15.
Nxd4 Qxd4 16. Na3 Qc5 17. Bf4 Nd5 18. Bg5 a6 19. Rac1 Qb6 20. Bxd5 Bxd5 21.
Bxe7 Rfe8 22. Bd6 Bxa2 23. Qf3 Be6 24. Rc7 Qd4 25. Nc2 Qxb2 26. Nb4 Qb3 27. Re3
Qb1+ 28. Kh2 Qf5 29. Qb7 Reb8 30. Qc6 Qxf2 31. Rf3 Qd4 32. Rd3 Bxe5+ 33. g3
Qf2+ 34. Kh1 Bxd6 35. Qxd6 Bxh3 36. Rd2 Qf1+ 37. Kh2 Re8 38. Qd5 Bg4 39. Rg2
Rad8 40. Qg5 Rd1 0-1

[Event "Graz op"]
[Site "Graz"]
[Date "2006.09.22"]
[Round "7.14"]
[White "Nickl, Klaus"]
[Black "Zechner, Andrea"]
[Result "1-0"]
[WhiteElo "2181"]
[BlackElo "1884"]
[PlyCount "153"]
[EventDate "2006.09.16"]

1. d4 d5 2. Nf3 Nf6 3. e3 c6 4. c4 e6 5. Nbd2 Nbd7 6. Qc2 Bd6 7. Bd3 O-O 8. O-O
Qe7 9. e4 dxe4 10. Nxe4 Nxe4 11. Bxe4 h6 12. Re1 Nf6 13. Bd3 c5 14. Be3 cxd4
15. Bxd4 b6 16. Ne5 Bb7 17. Qe2 Rfd8 18. Bc3 Nd7 19. Nxd7 Rxd7 20. Rad1 Qh4 21.
g3 Qh3 22. Be4 Bxe4 23. Qxe4 Rad8 24. Qe2 h5 25. Rd3 h4 26. Red1 hxg3 27. hxg3
Bc5 28. Qf3 Rxd3 29. Rxd3 Rxd3 30. Qxd3 Qh6 31. b4 Qc1+ 32. Kg2 Bf8 33. Qd4 Qa3
34. Qd2 Qa6 35. b5 Qa3 36. Bd4 Qd6 37. Qc3 f6 38. f4 Kf7 39. a4 Qc7 40. Kf2 Bc5
41. Qe3 Bb4 42. Qe2 Qd6 43. Qh5+ Kg8 44. Be3 Bd2 45. Qe2 Bxe3+ 46. Qxe3 Kf7 47.
a5 e5 48. fxe5 fxe5 49. a6 Ke6 50. Ke2 Qb4 51. Qd3 Qb2+ 52. Kf3 Ke7 53. Ke4 g6
54. Kd5 Kf6 55. Qf3+ Ke7 56. Qg4 Qd2+ 57. Kxe5 Qd6+ 58. Ke4 Qc5 59. Qe2 Kf6 60.
Qb2+ Kf7 61. Qd4 Qf5+ 62. Ke3 Qe6+ 63. Qe4 Qh3 64. Qf4+ Kg7 65. Ke4 Qg2+ 66.
Ke5 Qe2+ 67. Kd6 Qd3+ 68. Kc7 Qe2 69. Kb7 g5 70. Qxg5+ Kf7 71. Qf4+ Kg6 72.
Qd6+ Kf5 73. Qd5+ Kg4 74. Kxa7 Kxg3 75. Kxb6 Qe3+ 76. c5 Qh6+ 77. Qd6+ 1-0

[Event "Graz op"]
[Site "Graz"]
[Date "2006.09.22"]
[Round "7.15"]
[White "Wallner, Dieter"]
[Black "Sachsenhofer, Michael"]
[Result "0-1"]
[WhiteElo "2151"]
[BlackElo "2140"]
[PlyCount "92"]
[EventDate "2006.09.16"]

1. e4 c6 2. d4 d5 3. Nc3 dxe4 4. Nxe4 Bf5 5. Ng3 Bg6 6. h4 h6 7. Nf3 Nd7 8. h5
Bh7 9. Bd3 Bxd3 10. Qxd3 Ngf6 11. Bf4 e6 12. O-O-O Be7 13. Ne4 Nxe4 14. Qxe4
Nf6 15. Qe2 Qd5 16. Kb1 Nxh5 17. Be5 Nf6 18. Rhe1 O-O-O 19. c4 Qa5 20. c5 b6
21. cxb6 axb6 22. Rc1 Kb7 23. Qc2 Qd5 24. Re3 Ra8 25. a3 Rhc8 26. Bg3 Nd7 27.
Qe2 Bf6 28. Rc4 b5 29. Rb4 Be7 30. Rbb3 Ra4 31. Be5 Bf6 32. Red3 Nb6 33. Nd2
Nd7 34. f4 Rd8 35. Ne4 Bxe5 36. fxe5 Rxd4 37. Nd6+ Kc7 38. Rxd4 Qxd4 39. Rc3
Qxe5 40. Nxb5+ Kb6 41. Qf2+ Nc5 42. Na7 Qf5+ 43. Qxf5 exf5 44. Nxc6 Kxc6 45. b4
Rd5 46. Kb2 Kd6 0-1

[Event "Graz op"]
[Site "Graz"]
[Date "2006.09.22"]
[Round "7.16"]
[White "Hatzl, Johannes"]
[Black "Papakonstantinou, Spyridon"]
[Result "1-0"]
[WhiteElo "2113"]
[BlackElo "2147"]
[PlyCount "157"]
[EventDate "2006.09.16"]

1. e4 c5 2. c3 d5 3. exd5 Qxd5 4. d4 Nf6 5. Nf3 e6 6. Be2 cxd4 7. cxd4 Nc6 8.
Nc3 Qd6 9. O-O Be7 10. a3 O-O 11. Qd3 Rd8 12. Rd1 a6 13. g3 Nd5 14. Ne4 Qc7 15.
Neg5 g6 16. Qc2 b6 17. Bd2 Bb7 18. Rac1 Rac8 19. Qe4 Bf6 20. Qh4 h5 21. Qh3 Qd6
22. Ne4 Qe7 23. Nxf6+ Nxf6 24. Bg5 e5 25. Qh4 Kg7 26. d5 Nd4 27. Nxd4 Rxc1 28.
Nf5+ gxf5 29. Rxc1 Rxd5 30. Bf3 e4 31. Bxh5 Qd6 32. Bf4 Qe6 33. Qg5+ Kf8 34.
Rc7 Rd7 35. Rxd7 Nxd7 36. Qd8+ Kg7 37. Qc7 Qc6 38. Qd8 e3 39. Qg5+ Kf8 40. Qh6+
Qxh6 41. Bxh6+ Ke7 42. Bxe3 b5 43. Kf1 Ne5 44. Ke2 Ke6 45. Bd4 Ng4 46. h3 Nh6
47. Kd3 Ng8 48. Bd1 Bd5 49. Ke3 Ne7 50. h4 f6 51. h5 Bc4 52. b3 Bd5 53. Bc2 Kf7
54. Bc5 Nc6 55. Kf4 Be6 56. b4 Bd5 57. Kxf5 Be6+ 58. Kf4 Kg7 59. Be4 Bd7 60. g4
Be8 61. f3 Bd7 62. Bd5 Be8 63. Be4 Bd7 64. Bf5 Be8 65. Bc8 a5 66. Ke4 a4 67. f4
Nd8 68. Kf5 Nf7 69. g5 fxg5 70. fxg5 Nh6+ 71. gxh6+ Kxh6 72. Be3+ Kxh5 73. Ke4
Kg6 74. Kd5 Kf6 75. Bd4+ Kg5 76. Be3+ Kf6 77. Bd4+ Kg5 78. Bh3 Kf4 79. Bf1 1-0

[Event "Graz op"]
[Site "Graz"]
[Date "2006.09.22"]
[Round "7.17"]
[White "Huber, Adolf"]
[Black "Brunner, Gerhard"]
[Result "1-0"]
[WhiteElo "2058"]
[BlackElo "2027"]
[PlyCount "51"]
[EventDate "2006.09.16"]

1. e4 d6 2. d4 Nf6 3. Nc3 e5 4. dxe5 dxe5 5. Qxd8+ Kxd8 6. Bg5 Be6 7. O-O-O+
Nbd7 8. a3 Kc8 9. f3 a6 10. Nge2 b5 11. Nd5 Nxd5 12. exd5 Bf5 13. g4 Bg6 14.
Ng3 f6 15. Be3 Nc5 16. Bg2 Rb8 17. h4 Nb7 18. h5 Bf7 19. f4 exf4 20. Bxf4 Bd6
21. Rhf1 Bxf4+ 22. Rxf4 Nd6 23. h6 Rg8 24. hxg7 Rxg7 25. Rxf6 Rxg4 26. Bh3 1-0

[Event "Graz op"]
[Site "Graz"]
[Date "2006.09.22"]
[Round "7.18"]
[White "Kainrath, Florian"]
[Black "Bergen, Klaus"]
[Result "1-0"]
[WhiteElo "2080"]
[BlackElo "1997"]
[PlyCount "113"]
[EventDate "2006.09.16"]

1. e4 c5 2. d4 cxd4 3. c3 dxc3 4. Nxc3 Nc6 5. Nf3 d6 6. Bc4 e6 7. O-O Nf6 8.
Qe2 Be7 9. Rd1 e5 10. Be3 O-O 11. Rac1 Bg4 12. h3 Bxf3 13. Qxf3 Rc8 14. a3 a6
15. Bd5 Ne8 16. Na4 Bg5 17. Nb6 Rc7 18. Bxc6 bxc6 19. Bxg5 Qxg5 20. Qd3 f5 21.
Rxc6 Rcf7 22. Rc8 fxe4 23. Qxe4 h6 24. Qd5 Qe7 25. Nc4 Kh7 26. f3 Nf6 27. Qc6
d5 28. Rxf8 Rxf8 29. Ne3 d4 30. Nd5 Qf7 31. Nxf6+ Qxf6 32. Qe4+ Kh8 33. Re1 Rd8
34. Qxe5 Qxe5 35. Rxe5 d3 36. Re1 a5 37. Rd1 Rb8 38. Rxd3 Rxb2 39. Rd5 a4 40.
Rd4 Ra2 41. Rxa4 Kh7 42. Ra6 Kg8 43. Kh2 Kh7 44. Kg3 g6 45. Ra7+ Kg8 46. a4 Kh8
47. a5 Kg8 48. a6 Kh8 49. f4 Kg8 50. Kf3 Kh8 51. h4 Kg8 52. g4 Ra3+ 53. Ke4 Rh3
54. Kd5 Rxh4 55. Ra8+ Kg7 56. a7 Rxg4 57. Rd8 1-0

[Event "Graz op"]
[Site "Graz"]
[Date "2006.09.22"]
[Round "7.19"]
[White "Sarre, Sascha"]
[Black "Dobay, Klaus"]
[Result "1/2-1/2"]
[WhiteElo "2080"]
[BlackElo "2004"]
[PlyCount "37"]
[EventDate "2006.09.16"]

1. Nf3 f5 2. c4 Nf6 3. d4 g6 4. g3 Bg7 5. Bg2 d6 6. O-O O-O 7. Nc3 Nc6 8. d5
Ne5 9. Nxe5 dxe5 10. e4 f4 11. gxf4 exf4 12. Bxf4 Nxe4 13. Ne2 Nc5 14. Be3 Nd7
15. Bd4 Ne5 16. Qb3 Bg4 17. f3 Bf5 18. Rad1 Qd7 19. c5 1/2-1/2

[Event "Graz op"]
[Site "Graz"]
[Date "2006.09.22"]
[Round "7.20"]
[White "Westermayer, Johann"]
[Black "Spelec, Darko"]
[Result "0-1"]
[WhiteElo "1865"]
[BlackElo "2063"]
[PlyCount "99"]
[EventDate "2006.09.16"]

1. d4 Nf6 2. Nf3 e6 3. c4 b6 4. g3 Bb4+ 5. Bd2 a5 6. a3 Bxd2+ 7. Nbxd2 Bb7 8.
Bg2 O-O 9. O-O d6 10. Qc2 Nbd7 11. Rfd1 Qe7 12. Re1 Rfe8 13. e4 e5 14. d5 a4
15. b3 axb3 16. Nxb3 Ra7 17. Nfd2 Rea8 18. Nb1 Nc5 19. Nxc5 dxc5 20. Ra2 Ne8
21. Qb3 Nd6 22. f3 Bc8 23. Bf1 Bd7 24. Qb2 Ra4 25. Rc1 Qg5 26. Rc3 h5 27. Qg2
h4 28. gxh4 Qxh4 29. Qg3 Qf6 30. Rg2 g6 31. Qg5 Kg7 32. Qxf6+ Kxf6 33. Rg3 Kg7
34. Rc2 Bc8 35. h4 Ba6 36. h5 Rh8 37. hxg6 fxg6 38. Bh3 Bxc4 39. Bf5 Nxf5 40.
exf5 Rh6 41. Rcg2 Bd3 42. Nc3 Rxa3 43. Ne4 Bxe4 44. fxe4 Rxg3 45. Rxg3 Kf6 46.
Rf3 Rh4 47. fxg6+ Kxg6 48. Re3 Rf4 49. Kg2 c4 50. Rf3 0-1

[Event "Graz op"]
[Site "Graz"]
[Date "2006.09.23"]
[Round "8.2"]
[White "Balinov, Ilia"]
[Black "Krumpacnik, Domen"]
[Result "1/2-1/2"]
[WhiteElo "2416"]
[BlackElo "2378"]
[PlyCount "127"]
[EventDate "2006.09.16"]

1. d4 Nf6 2. c4 e6 3. Nf3 Bb4+ 4. Bd2 Qe7 5. g3 O-O 6. Bg2 Bxd2+ 7. Qxd2 d6 8.
Nc3 e5 9. O-O c6 10. h3 e4 11. Ne1 d5 12. Nc2 Be6 13. c5 Na6 14. f4 exf3 15.
exf3 Bf5 16. Ne3 Bg6 17. Ng4 Nxg4 18. hxg4 Qd7 19. Ne2 Rfe8 20. Nf4 Re7 21.
Rfe1 Rae8 22. Bf1 Nc7 23. Kf2 Kf8 24. b4 Ne6 25. a4 a6 26. Nxe6+ Rxe6 27. Rxe6
Qxe6 28. b5 axb5 29. axb5 f6 30. b6 h5 31. Re1 Qd7 32. Rxe8+ Bxe8 33. g5 Qf5
34. Bd3 Qh3 35. Qf4 Qh2+ 36. Ke1 h4 37. gxf6 Qg1+ 38. Kd2 Qg2+ 39. Kd1 Qg1+ 40.
Ke2 Qg2+ 41. Kd1 Qg1+ 42. Kd2 Qf2+ 43. Be2 hxg3 44. Qe3 gxf6 45. Qxf2 gxf2 46.
Ke3 Bd7 47. Kxf2 Kg7 48. Kg3 f5 49. Kh4 Kf6 50. Kh5 f4 51. Kh4 Kg6 52. Bd3+ Kh6
53. Bc2 Be6 54. Bb3 Kg6 55. Ba4 Bd7 56. Bd1 Bf5 57. Be2 Kh6 58. Bf1 Kg6 59. Ba6
Bc8 60. Bd3+ Kh6 61. Be2 Bf5 62. Ba6 Bc8 63. Bd3 Bd7 64. Ba6 1/2-1/2

[Event "Graz op"]
[Site "Graz"]
[Date "2006.09.23"]
[Round "8.4"]
[White "Zupe, Miran"]
[Black "Danner, Georg"]
[Result "0-1"]
[WhiteElo "2383"]
[BlackElo "2397"]
[PlyCount "64"]
[EventDate "2006.09.16"]

1. e4 c5 2. Nf3 Nc6 3. d4 cxd4 4. Nxd4 Nf6 5. Nc3 d6 6. g3 Nxd4 7. Qxd4 g6 8.
Bg2 Bg7 9. b3 O-O 10. Bb2 Be6 11. Qd2 Rc8 12. O-O-O a6 13. Kb1 b5 14. f4 Qb6
15. Rhf1 b4 16. Ne2 Bg4 17. Rde1 Rfd8 18. Nc1 d5 19. Qf2 Qb5 20. h3 Bd7 21. g4
Bc6 22. e5 Ne4 23. Bxe4 dxe4 24. f5 Bd5 25. Ne2 Rxc2 26. f6 exf6 27. Qe3 Qd3
28. Qxd3 exd3 29. Nf4 Rxb2+ 30. Kxb2 fxe5 31. Nxd5 Rxd5 32. Re4 f5 0-1

[Event "Graz op"]
[Site "Graz"]
[Date "2006.09.23"]
[Round "8.5"]
[White "Aschenbrenner, Robert"]
[Black "Pilaj, Herwig"]
[Result "1-0"]
[WhiteElo "2243"]
[BlackElo "2384"]
[PlyCount "73"]
[EventDate "2006.09.16"]

1. d4 d5 2. c4 c6 3. Nf3 Nf6 4. Nc3 dxc4 5. a4 e6 6. e4 Bb4 7. e5 Nd5 8. Bd2 b5
9. axb5 Bxc3 10. bxc3 cxb5 11. Ng5 Qd7 12. Qh5 h6 13. Ne4 a6 14. g4 Ra7 15. Bg2
Nc6 16. O-O Kd8 17. f4 g6 18. Qh3 Kc7 19. Nd6 Kb8 20. Rfb1 Ka8 21. Bc1 h5 22.
g5 Qc7 23. Be4 Rd8 24. Ba3 Na5 25. Bc5 Nb3 26. Nxb5 axb5 27. Rxa7+ Qxa7 28.
Bxa7 Kxa7 29. Bxd5 exd5 30. Qg2 Bf5 31. Rb2 Kb6 32. Ra2 Nc1 33. Ra3 Bd3 34. Qb2
Ne2+ 35. Kf2 Nxf4 36. Qb4 Ne6 37. Ra5 1-0

[Event "Graz op"]
[Site "Graz"]
[Date "2006.09.23"]
[Round "8.10"]
[White "Webersberger, Johann"]
[Black "Huber, Adolf"]
[Result "1-0"]
[WhiteElo "2244"]
[BlackElo "1999"]
[PlyCount "51"]
[EventDate "2006.09.16"]

1. e4 c5 2. Nc3 d6 3. Bc4 e6 4. Bb3 Nc6 5. Nge2 Nf6 6. d4 cxd4 7. Nxd4 Be7 8.
Be3 O-O 9. Qe2 Nxd4 10. Bxd4 e5 11. Be3 Ng4 12. Bd2 Bd7 13. O-O-O Kh8 14. h3
Nh6 15. g4 a5 16. Rhg1 a4 17. Bd5 Rb8 18. a3 b5 19. Na2 Qc7 20. Nb4 Rfc8 21. f4
Ng8 22. f5 g6 23. Be3 Kg7 24. Rdf1 Be8 25. g5 f6 26. h4 1-0

[Event "Graz op"]
[Site "Graz"]
[Date "2006.09.23"]
[Round "8.12"]
[White "Sachsenhofer, Michael"]
[Black "Seuss, Oswald"]
[Result "1/2-1/2"]
[WhiteElo "2117"]
[BlackElo "2062"]
[PlyCount "58"]
[EventDate "2006.09.16"]

1. e4 c5 2. Nc3 Nc6 3. g3 g6 4. Bg2 Bg7 5. d3 e6 6. Be3 d6 7. Nge2 Nge7 8. O-O
O-O 9. Qd2 Nd4 10. Nd1 Rb8 11. Nf4 e5 12. Nd5 Nxd5 13. exd5 Bh3 14. c3 Bxg2 15.
Kxg2 Nf5 16. Qe2 Nxe3+ 17. fxe3 f5 18. e4 Qg5 19. Ne3 f4 20. Qg4 Qxg4 21. Nxg4
h5 22. Nf2 Bh6 23. g4 Kf7 24. gxh5 gxh5 25. Kf3 Bg5 26. Nh3 Be7 27. Rg1 Rg8 28.
Rxg8 Rxg8 29. Rg1 Rxg1 1/2-1/2